Santa Cruz de la Colina - Matanza : (Registro nro. 7444)

Detalles MARC
000 -LEADER
fixed length control field 01905nam a22002657a 4500
003 - CONTROL NUMBER IDENTIFIER
control field OSt
005 - DATE AND TIME OF LATEST TRANSACTION
control field 20210304141113.0
008 - FIXED-LENGTH DATA ELEMENTS--GENERAL INFORMATION
fixed length control field 210304s2010 ck ao||gr|||| 00| 0dspa d
020 ## - INTERNATIONAL STANDARD BOOK NUMBER
International Standard Book Number 9789587084597
040 ## - CATALOGING SOURCE
Original cataloging agency CO-JMCR
Transcribing agency CO-JMCR
041 0# - LANGUAGE CODE
Language code of text/sound track or separate title spa
082 04 - DEWEY DECIMAL CLASSIFICATION NUMBER
Classification number 986.125 /
Item number M828s
Edition number 23
100 1# - MAIN ENTRY--PERSONAL NAME
Personal name Morales Sierra, Rubby Stella,
Relator term autora
9 (RLIN) 14369
245 10 - TITLE STATEMENT
Title Santa Cruz de la Colina - Matanza :
Remainder of title 100 años, memorias y relatos /
Statement of responsibility, etc. Rubby Stella Morales Sierra
250 ## - EDITION STATEMENT
Edition statement Primera edición
260 ## - PUBLICATION, DISTRIBUTION, ETC.
Place of publication, distribution, etc. Bucaramanga :
Name of publisher, distributor, etc. Sic Editorial,
Date of publication, distribution, etc. 2010
300 ## - PHYSICAL DESCRIPTION
Extent 156 páginas :
Other physical details ilustraciones y fotografías a color y a blanco y negro ;
Dimensions 27 cm.
500 ## - GENERAL NOTE
General note Incluye notas a pie de página y datos biográficos de la autora.
504 ## - BIBLIOGRAPHY, ETC. NOTE
Bibliography, etc. note Bibliografía: página 156
505 0# - FORMATTED CONTENTS NOTE
Formatted contents note De Santa Cruz de la Colina...lo mejor -- Un siglo de memorias -- Viaje al paraíso -- El encanto de la colina -- Orígenes -- El siglo del café -- De Santa Cruz a Roma -- Memorias de un líder -- Tierra de promesas -- La fuerza femenina -- El ingeniero de caminos -- Memoria de fundadores -- Expreso Lusitania -- Los antiguos jornaleros -- Libertad y felicidad -- Alerta ambiental -- Compromiso y añoranzas -- El colegio -- Los nuevos lideres -- El cuarto de hora de La Colina -- El poder local -- Una particular historia de amor -- Los caminos de Dios -- El tejido social -- Los días aciagos -- Hechos y personajes de leyenda -- La cuerda y los gallos -- Los nuevos pobladores -- Hacia el Siglo XXI -- Los retos de la gente joven -- Obras, planes y proyectos -- Símbolos de Santa Cruz de La Colina -- Breve historia de matanza
651 #4 - SUBJECT ADDED ENTRY--GEOGRAPHIC NAME
Geographic name Santa Cruz de la Colina (Santaner)
General subdivision historia
9 (RLIN) 14370
651 #4 - SUBJECT ADDED ENTRY--GEOGRAPHIC NAME
Geographic name Vereda Santacruz de la Colina (Matanza, Santander, Colombia)
General subdivision historia
9 (RLIN) 14371
651 #4 - SUBJECT ADDED ENTRY--GEOGRAPHIC NAME
Geographic name Vereda Santacruz de la Colina (Matanza, Santander, Colombia)
General subdivision vida social y costumbres
9 (RLIN) 14372
942 ## - ADDED ENTRY ELEMENTS (KOHA)
Source of classification or shelving scheme Dewey Decimal Classification
Koha item type Books
Existencias
Withdrawn status Lost status Source of classification or shelving scheme Damaged status Not for loan Collection code Home library Current library Date acquired Source of acquisition Total Checkouts Full call number Barcode Date last seen Copy number Price effective from Koha item type
    Dewey Decimal Classification     Non-fiction Biblioteca Pública José María del Castillo y Rada Biblioteca Pública José María del Castillo y Rada 10/02/2020 Donación   986.125 / M828s 201810516 05/16/2024 Ej.1 03/04/2021 Books